000 00708nam a22002057a 4500
003 OSt
005 20260423041557.0
008 260423b |||||||| |||| 00| 0 eng d
020 _a971-23-3561-5
040 _aOC
_cDWC-Main Lib
082 _21st ed.
_aFil. 301.41 F735i 2003
100 _aFontanilla, M.A.
245 _aInstructional modules on sex education for college students
_cFontanilla, Ma. Alodia C.
250 _a1st edition
260 _aManila :
_b Rex Book Store,
_cc2003
300 _axii, 294 pages ;
_c22 cm.
504 _aIncludes bibliography
650 _a1. Sex instruction
942 _2ddc
_cBK - FIL
_e1st edition
_hFil. 301.41 F735i 2003
_kFil.
_n0
999 _c9785
_d9785